|
|
|
|
| LEADER |
00000naa a2200000uu 4500 |
| 001 |
vtls011056055 |
| 003 |
SK-MaSNL |
| 005 |
20260302115625.0 |
| 008 |
210907|2000 xo |||||||||||||||||slo| |
| 015 |
|
|
|a SNBRA
|
| 035 |
|
|
|a (urnnbn)urn:nbn:sk:snk:ar-a0bypg
|
| 035 |
|
|
|a (uuid)28c8bcdc-8f4e-4dd5-9718-5d31c0625884
|
| 035 |
|
|
|a urn:nbn:sk:snk-aav5cs
|
| 040 |
|
|
|a SNKBUCL
|b slo
|c SNKBUCL
|e AACR2
|
| 041 |
0 |
|
|a slo
|
| 044 |
|
|
|a xo
|c SK
|
| 100 |
1 |
|
|a Katušin, Jozef
|4 aut
|9 799184
|
| 245 |
1 |
0 |
|a Skúsenosti so zavádzaním TPM v Istrochem, a.s. Bratislava
|c Jozef Katušin
|
| 773 |
0 |
|
|t Národné fórum údržby
|d Žilina : NMC, 2000, 2000
|g S. 42-43
|z 8085655152
|
| 958 |
|
|
|a OND
|
| 958 |
|
|
|a article12
|
| 958 |
|
|
|a chapter
|
| 999 |
|
|
|c 1265621
|d 1267551
|